000 00727nam a2200253 a 4500
005 20260322212019.0
008 data
010 _a89-14820
020 _a0446387703
020 _a978-0-446-38770-5
090 _aHV 5132 P34 1990
100 1 _aPaine-Gernee, Karen
245 1 0 _aEmotional healing/
_cKaren Paine-Gernee & Terry Hunt.
260 _aNew York
_bWarner Books
_cc1990
300 _axii, 340 p.
500 _aBibliography: p. 329-330.
650 4 _aAdult children of alcoholics
_zUnited States
_xpsychology
650 0 2 _aCodependency (Psychology)
650 4 _aEmotional maturity.
650 4 _aProblem families
_xpsychology
650 4 _aSelf-actualization (Psychology).
700 1 _aHunt, Terry.
001 data
999 _c419
_d419